| 000 | 00729nam a2200217Ii 4500 | ||
|---|---|---|---|
| 003 | JO-AjNU | ||
| 008 | 230605s9999||||xx |||||||||||||| ||und|| | ||
| 017 | _a2006/10/2796 | ||
| 040 |
_aJO-AjNU _bara _erda _cJO-AjNU |
||
| 041 | _aara | ||
| 050 | 1 | 4 | _aKMM49.Z82.2006 |
| 100 | 3 |
_aالزعبي، تيسير أحمد , _eauthor _921268 |
|
| 245 | 0 | 0 | _aالقانون المدني الأردني رقم 43 لسنة 1976 |
| 250 | _a(د،ط) | ||
| 264 | 3 | 1 | _aالرمثا ، الاردن ، تيسر أحمد الزعبي ، 2006 |
| 300 | _a192ص | ||
| 336 |
_atext _btxt _2rdacontent |
||
| 337 |
_aunmediated _bn _2rdamedia |
||
| 338 |
_avolume _bnc _2rdacarrier |
||
| 650 | 4 |
_aالقانون المدني -- الاردن _921269 |
|
| 999 |
_aA7359 _c10927 _d10927 |
||